| 000 | 00921nam a2200301 a 4500 | ||
|---|---|---|---|
| 005 | 20191224041733.0 | ||
| 008 | 140314b1996 ck ||||| |||| 00| 0 spa d | ||
| 040 |
_aCO-BoIAVH _cCO-BoIAVH |
||
| 041 | _aspa | ||
| 044 | _ack | ||
| 090 |
_aLB _b04000 |
||
| 100 |
_aRodríguez Salazar, Adriana _921821 |
||
| 110 |
_bInstituto Amazonico de Investigaciones Científicas _941714 |
||
| 245 |
_aAsentamientos humanos del Guaviare _bdinámicas y perspectivas |
||
| 260 |
_aBogotá _bSINCHI _c1996 |
||
| 300 | _a196 p. | ||
| 650 |
_aPoblación Indigena _91786 |
||
| 650 |
_aApropiación _941709 |
||
| 650 |
_aCultivo de Coca _vGuaviare _941716 |
||
| 650 |
_aGuaviare _941717 |
||
| 650 |
_aCultivo de coca _941718 |
||
| 650 |
_aTerritorio Nukak _941713 |
||
| 700 |
_aSalazar, Carlos Ariel _921823 |
||
| 700 |
_aGarcía, César _921824 |
||
| 700 |
_aSepúlveda, Favio _921825 |
||
| 942 |
_cINFORME _2z |
||
| 945 | _d2005-02-09 | ||
| 999 |
_c4334 _d4334 |
||